000 00784nas a2200241 454500
001 5267
005 20260407193504.0
008 260407s1978####ag###########|||spa#d
003 AR-UNSa-BCEJYS
040 _aAR-UNSa-BCEJYS
_bspa
_cAR-UNSa-BCEJYS
080 _a664.1
_xAzĂșcar. Melaza. Glucosa, Etc. (Industria)
245 1 0 _aLa industria azucarera
022 _a0325-0326
264 1 _aBuenos Aires :
_bCentro Azucarero Argentino
_c1978
310 _aFrecuencia: Mensual
942 _cSER
590 _aniveau_biblio:s niveau_hierar:1
100 1 _aBincaz, Horacio J.
650 _aIndustria alimentaria
650 _aAzĂșcar
650 _aINDUSTRIA AZUCARERA
856 4 1 _uhttps://biblioeco.unsa.edu.ar/pmb/images/revistas/La Industria Azucarera.jpg
_yImagen de portada
_qimage/jpeg
999 _c8421
_d8421